000 00715nam a2200229 i 4500
001 bgj
100 1 _aROTH, Marie- Louise.
_d(1926- ).
245 1 0 _aGedanken und Dichtung :
_bEssays zu Robert Musil /
_cMarie-Louise Roth ; [hrsg. von Claude Chevalier, Annette Daigger und Gerti Militzer].
260 _aSaarbrücken :
_bSaarbrücker Druckerei und Verlag,
_c1987.
300 _a222 s. :
_bil. ;
_c21 cm.
650 9 _aLiteratura niemiecka
700 1 _aCHEVALIER, Claude.
700 1 _aDAIGGER, Annette.
700 1 _aMILITZER, Gerti.
020 _a3952036121
040 _cBPK
041 0 _ager
_hfre
044 _aDEU
080 _a821.112.2
942 _cKS
008 s gw f |000 0 ger
999 _c50472
_d50472
856 _uhttp://koha.tu.koszalin.pl/cgi-bin/koha/opac-detail.pl?biblionumber=50472
_yKatalog online BPK